书目信息 |
| 题名: |
汉英生物学词汇
|
|
| 作者: | ;科学出版社名词室 编 | |
| 分册: | ||
| 出版信息: | 北京 科学出版社 2008.01 |
|
| 页数: | 1389页 | |
| 开本: | 21cm | |
| 丛书名: | ||
| 单 册: | ||
| 中图分类: | Q-61 | |
| 科图分类: | ||
| 主题词: | 生物学--sheng wu xue--词汇--汉、英 | |
| 电子资源: | ||
| ISBN: | 978-7-03-019960-7 | |
| 000 | 00962nam0 2200253 450 | |
| 001 | 012008388128 | |
| 005 | 20080414090110.93 | |
| 010 | @a978-7-03-019960-7@b精装@dCNY98.00 | |
| 100 | @a20080414d2008 em y0chiy0120 ea | |
| 101 | 0 | @achi@aeng |
| 102 | @aCN@b110000 | |
| 105 | @ay e 000yy | |
| 106 | @ar | |
| 200 | 1 | @a汉英生物学词汇@Ahan ying sheng wu xue ci hui@d= Chinese-English biological dictionary@f科学出版社名词室编@Fke xue chu ban she ming ci shi bian@zeng |
| 205 | @a第2版 | |
| 210 | @a北京@c科学出版社@d2008.01 | |
| 215 | @a1389页@d21cm | |
| 330 | @a本书为一部汉英对照的工具书, 收有生命科学领域里的植物学、动物学、微生物学、分子生物学、生物化学、生态学、遗传学等方面的专业词汇。 | |
| 510 | 1 | @aChinese-English biological dictionary@zeng |
| 606 | 0 | @a生物学@Asheng wu xue@x词汇@x汉、英 |
| 690 | @aQ-61@v4 | |
| 711 | 02 | @a科学出版社名词室@Ake xue chu ban she ming ci shi@4编 |
| 801 | 0 | @aCN@bQSSK@c20080414 |
| 905 | @b290987@dQ-61@eK549@f1 | |
| 汉英生物学词汇= Chinese-English biological dictionary/科学出版社名词室编.-第2版.-北京:科学出版社,2008.01 |
| 1389页;21cm |
| ISBN 978-7-03-019960-7(精装):CNY98.00 |
| 本书为一部汉英对照的工具书, 收有生命科学领域里的植物学、动物学、微生物学、分子生物学、生物化学、生态学、遗传学等方面的专业词汇。 |
| ● |
| 相关链接 |
|
|
|
正题名:汉英生物学词汇
索取号:Q-61/K549
 
预约/预借
| 序号 | 登录号 | 条形码 | 馆藏地/架位号 | 状态 | 备注 |
| 1 | 290987 | 202909870 | 自科库401/401自科库 24排2列3层/ [索取号:Q-61/K549] | 在馆 |